Feminist review

Αποθηκεύτηκε σε:
Λεπτομέρειες βιβλιογραφικής εγγραφής
Μορφή: Περιοδική έκδοση
Γλώσσα:English
Δημοσίευση: [London] : [Feminist Review], [c1979]-
Θέματα:
Διαθέσιμο Online:https://www.jstor.org/journal/feministreview
Ετικέτες: Προσθήκη ετικέτας
Δεν υπάρχουν, Καταχωρήστε ετικέτα πρώτοι!

MARC

LEADER 00000cas a2200000 i 4500
001 1/77163
008 080311c19799999uk qr|||||||||| ||eng||
022 |a 0141-7789 
035 |l 10095351 
040 |a GR-MY-UA  |b gre  |e aacr 
041 0 |a eng 
082 7 |a 305.4205   |2 (22) 
245 1 0 |a Feminist review   |h [περιοδικό] 
260 |a [London] :   |b [Feminist Review],   |c [c1979]- 
300 |a  τ. :   |b εικ. ;   |c 25 εκ. 
310 |a 3 φορές το χρόνο 
650 0 0 |a Feminism  |x Periodicals. 
853 |a INST  |b RHODES  |c SER  |h 305.4205 
856 |u https://www.jstor.org/journal/feministreview 
901 |a BIBL4-2008-1 
970 |a ΚΟΖΑ  |b ΜΑΡΙΑ  |z 2008/03/11